Importancia agrícola é industrial de la planta testil denominada el ramié / (Record no. 166822)

MARC details
000 -LEADER
campo de control de longitud fija 00806nam a22001935i 4500
001 - NÚMERO DE CONTROL
campo de control 166822
003 - IDENTIFICADOR DE NÚMERO DE CONTROL
campo de control ES-MaACL
005 - FECHA Y HORA DE LA ÚLTIMA TRANSACCIÓN
campo de control 20230906213417.0
008 - DATOS DE LONGITUD FIJA--INFORMACIÓN GENERAL
campo de control de longitud fija 990305s1884 sp |||| | spa d
040 ## - FUENTE DE CATALOGACIÓN
Centro catalogador/agencia de origen CCPB | B
Lengua de catalogación spa
Centro/agencia transcriptor CCPB | B
100 1# - ENTRADA PRINCIPAL--NOMBRE DE PERSONA
Nombre de persona Utor, Luis María.
9 (RLIN) 133471
245 10 - MENCIÓN DEL TÍTULO
Título Importancia agrícola é industrial de la planta testil denominada el ramié /
Mención de responsabilidad, etc. por Luis María Utor.
260 ## - PUBLICACIÓN, DISTRIBUCIÓN, ETC.
Lugar de publicación, distribución, etc. Madrid :
Nombre del editor, distribuidor, etc. [s.n.],
Fecha de publicación, distribución, etc. 1884 (
Fabricante Tipografía de Manuel G. Hernández)
300 ## - DESCRIPCIÓN FÍSICA
Extensión 78 p. :
Otras características físicas il. ;
Dimensiones 24 cm.
650 #4 - PUNTO DE ACCESO ADICIONAL DE MATERIA--TÉRMINO DE MATERIA
Término de materia o nombre geográfico como elemento de entrada Ramio.
9 (RLIN) 136803
650 04 - PUNTO DE ACCESO ADICIONAL DE MATERIA--TÉRMINO DE MATERIA
Término de materia o nombre geográfico como elemento de entrada Plantas textiles.
9 (RLIN) 136709
852 ## - LOCALIZACIÓN
Ubicación ES-MaACL
Número de control de estantería T-352-F-7
Nota libre -- Enc. hol.
-- -- Enc. en un vol. facticio
-- .- Dedicatoria autógrafa del autor a Enrique Serrano Fatigati
852 ## - LOCALIZACIÓN
Ubicación ES-MaACL
Número de control de estantería T-378-F-6
Nota libre -- Enc. hol.
-- -- Enc. en un vol. facticio
Holdings
Estatus retirado Estado de pérdida Estado de daño No para préstamo Colección Biblioteca de origen Biblioteca actual Ubicación en estantería Fecha de adquisición Total de préstamos Signatura topográfica completa Código de barras Visto por última vez Precio de reemplazo Tipo de ítem Koha
        Colección de folletos Biblioteca del Ateneo de Madrid Biblioteca del Ateneo de Madrid Depósito folletos 17/01/2008   T-378-F-6 1174982 23/02/2023 23/02/2023 Folleto
        Colección de folletos Biblioteca del Ateneo de Madrid Biblioteca del Ateneo de Madrid Depósito folletos 17/01/2008   T-352-F-7 1174981 23/02/2023 23/02/2023 Folleto